000 00710nam a22002417a 4500
001 BR9405828
003 BR-BrBNA
005 20230928094330.0
007 ta
008 230509b bl.||||| |||| 00| 0 por d
040 _aBR-BrBNA
_bpor
_cBiblioteca Nacional de Agricultura
041 _a(Por)
072 _aE12
090 _ E12 BR9405828
110 1 _aInstituto Brasileiro de Economia, Rio de Janeiro, RJ (Brasil). Centro de Estudos Agricolas
_95761
245 1 _aRemuneracao do trabalho nos estabelecimentos agricolas
260 3 _aRio de Janeiro, RJ (Brasil):
_c1966.
300 _a7 p.
650 _aTrabalhador Rural
650 _aSalario
909 _a202309
_bLucia
_c55
_dLucia Elande
942 _cBK
999 _c50118
_d50118